Представление документа в формате RUSMARC

ПолеНазваниеЗначение
  Тип записи a
  Библиографический уровень m
001 Контрольный номер RU/SLIB/B/208755924
005 Дата корректировки 20201206204152.6
010 Индекс ISBN __
d Цена 0-76; 5-00
101 Язык документа __
a Язык текста rus
200 Заглавие и сведения об ответственности __
a Заглавие Малый театр
b Общее обозначение материала Текст
210 Выходные данные __
a Место издания М.
c Издательство Моск. рабочий
d Дата издания 1976
215 Физическое описание __
a Объем 128 с.
c Иллюстрации/тип воспроизводства ил.
601 Наименование организации как предмет __
a Наименование организации как предмет Малый театр России
601 Наименование организации как предмет __
a Наименование организации как предмет Государственный академический Малый театр России
606 Тематические рубрики __
a Основная рубрика Музыка и зрелищные искусства
606 Тематические рубрики __
a Основная рубрика Драматический театр
y Географическая подрубрика СССР
606 Тематические рубрики __
a Основная рубрика История театра
610 Ключевые слова __
a Ключевые слова театры; советское искусство
686 Индексы других классификаций __
a Классификационный индекс 85.334.3(2=411.2)
a Классификационный индекс 85.334.3(2)6
700 Автор _1
a Фамилия Царев
b Имя М. И.
4 Код отношения 070
801 Источник записи _0
a Страна RU
b Организация Муниципальное бюджетное учреждение культуры "Централизованная библиотечная система" г. Сургут (Центральная городская библиотека им. А. С. Пушкина)
g Правила каталогизации КиК/Уланова
801 Источник записи _1
a Страна RU
b Организация Муниципальное бюджетное учреждение культуры "Централизованная библиотечная система" г. Сургут (Центральная городская библиотека им. А. С. Пушкина)
g Правила каталогизации КиК/Уланова
852 Данные о местонахождении __
j Шифр хранения 85.334.3(2=411.2)
c Каталожный индекс 85.334.3(2), 85.334.3(2)6
i Авторский знак Ц 18
p Инвентарный номер 63194(с), 54444
901 Тип документа __
t Тип документа m
990 Данные о заказе (DOS) __
j Количество экземпляров (DOS) 2